| 000 | 01092nam0a2200313 4500 | ||
|---|---|---|---|
| 001 | RU\NLR\bibl\1182565 | ||
| 005 | 20250615092600.0 | ||
| 010 | _a978-5-9561-0201-5 | ||
| 035 | _a(NLR Aleph) 001169165 | ||
| 090 |
_a1586316 _c1586316 |
||
| 100 | _a20080201d2007 |||y0rusy50 ca | ||
| 101 | 1 |
_arus _ceng |
|
| 102 | _aRU | ||
| 105 | _aa ||||||||| | ||
| 200 | 1 |
_aСашико _eяпонское искусство вышивки _e[узоры, образцы, изделия] _fСьюзан Бриско _g[пер. с англ. И.Д. Голыбиной] |
|
| 210 |
_aМосква _cАРТ-Родник _d2007 |
||
| 215 |
_a128 с. _cцв. ил. _d29 |
||
| 320 | _aБиблиогр.: с. 125 | ||
| 320 | _aАлф. указ.: с. 128 | ||
| 606 | 1 |
_aВышивки японские _92501417 _3RU\NLR\auth\661483558 |
|
| 606 | 1 |
_aСашико _92630515 _3RU\NLR\auth\661567075 |
|
| 686 | _aЩ126.911.3(5Я) | ||
| 686 | _aМ482 | ||
| 700 | 1 |
_aБриско _bС. _gСьюзан _4070 |
|
| 801 | 0 |
_aRU _bNLR _c20080201 _gRCR |
|
| 801 | 1 |
_aRU _bNLR _c20080201 |
|
| 942 | _cBOOK | ||
| 980 | _aNB | ||